The yearling (Record no. 2692)

MARC details
000 -LEADER
fixed length control field 00598nam a2200217I 4500
001 - CONTROL NUMBER
control field 2238
003 - CONTROL NUMBER IDENTIFIER
control field GBCCL
005 - DATE AND TIME OF LATEST TRANSACTION
control field 20241126110436.0
008 - FIXED-LENGTH DATA ELEMENTS--GENERAL INFORMATION
fixed length control field 720601|1938||||||| |||||||eng|u
035 ## - SYSTEM CONTROL NUMBER
System control number OCM00322299 820731
040 ## - CATALOGING SOURCE
Transcribing agency MSC
Modifying agency LBB
049 ## -
-- LBBK
082 ## - DEWEY DECIMAL CLASSIFICATION NUMBER
Classification number 813.52
Item number RAW
090 ## - LOCALLY ASSIGNED LC-TYPE CALL NUMBER (OCLC); LOCAL CALL NUMBER (RLIN)
Classification number (OCLC) (R) ; Classification number, CALL (RLIN) (NR) PS3535.A845
Local cutter number (OCLC) ; Book number/undivided call number, CALL (RLIN) Y4
092 ## - LOCALLY ASSIGNED DEWEY CALL NUMBER (OCLC)
Classification number 813.52
Item number R259
100 10 - MAIN ENTRY--PERSONAL NAME
Personal name Rawlings, Marjorie Kinnan,
Dates associated with a name 1896-1953.
9 (RLIN) 5684
245 14 - TITLE STATEMENT
Title The yearling
Statement of responsibility, etc. Marjorie Kinnan Rawlings ; decorations by Edward Shenton.
260 0# - PUBLICATION, DISTRIBUTION, ETC.
Place of publication, distribution, etc. New York,
Name of publisher, distributor, etc. Scribner,
Date of publication, distribution, etc. 1938.
300 ## - PHYSICAL DESCRIPTION
Extent 428 p. : ill.
Dimensions 20 cm.
942 ## - ADDED ENTRY ELEMENTS (KOHA)
Source of classification or shelving scheme Dewey Decimal Classification
Koha item type Books
Holdings
Withdrawn status Lost status Source of classification or shelving scheme Damaged status Not for loan Home library Current Library Shelving location Date acquired Total checkouts Full call number Barcode Date last seen Copy number Price effective from Koha item type
    Dewey Decimal Classification     GRACE BIBLE COLLEGE GRACE BIBLE COLLEGE General Studies 2017-09-12   813.52 RAW 001284 2025-05-01 c.1 2017-09-12 Books
© Grace Bible College Library 2025